Catálogo público

The generic and specific characters of phutopathogenic species of Pseudomonas and Xanthomonas / (Record no. 203938)

MARC details
000 -CABECERA
campo de control de longitud fija 00824nam a2200265Ia 4500
001 - NÚMERO DE CONTROL
campo de control Para_5479
003 - IDENTIFICADOR DEL NÚMERO DE CONTROL
campo de control CHAP
008 - DATOS DE LONGITUD FIJA--INFORMACIÓN GENERAL
campo de control de longitud fija 220125s1948 xx 000 0 und d
010 ## - NÚMERO DE CONTROL DE LA BIBLIOTECA DEL CONGRESO
Número de control de LC 203938
040 ## - FUENTE DE LA CATALOGACIÓN
Centro/agencia transcriptor CHAP
090 ## - LOCALMENTE ASIGNADO TIPO-LC NÚMERO DE CLASIFICACIÓN (OCLC); NÚMERO DE CLASIFICACIÓN LOCAL (RLIN)
Número de clasificación (OCLC) (R) ; Numero de clasificación, CALL (RLIN) (NR) PA R-117
100 ## - ENTRADA PRINCIPAL--NOMBRE DE PERSONA
Nombre de persona Burkholder, Walter H
9 (RLIN) 16211
245 ## - MENCIÓN DE TÍTULO
Título The generic and specific characters of phutopathogenic species of Pseudomonas and Xanthomonas /
Mención de responsabilidad, etc. Walter H. Burkholder, Montimer P. Starr
260 ## - PUBLICACIÓN, DISTRIBUCIÓN, ETC.
Lugar de publicación, distribución, etc. :
Nombre del editor, distribuidor, etc.
500 ## - NOTA GENERAL
Nota general Sobretiro de : Phytopathology 38 (6): 494-502, 1948
650 ## - PUNTO DE ACCESO ADICIONAL DE MATERIA--TÉRMINO DE MATERIA
Término de materia o nombre geográfico como elemento de entrada Pseudomonas Xanthomonas Bacterias fitopatógenas
9 (RLIN) 169947
700 ## - PUNTO DE ACCESO ADICIONAL--NOMBRE DE PERSONA
Nombre de persona Starr, Mortimer P.
9 (RLIN) 109498
901 ## - ELEMENTOS DE DATOS A LOCAL LDA (RLIN)
a PA R-117
902 ## - ELEMENTOS DE DATOS B LOCAL, LDB (RLIN)
a A
905 ## - ELEMENTOS DE DATOS E LOCAL, LDE (RLIN)
a 0000001948 0000000000 00
910 ## - DATOS DE OPCIÓN DEL USUARIO (OCLC)
Datos de opción del usuario 1948
942 ## - ELEMENTOS DE PUNTO DE ACCESO ADICIONAL (KOHA)
Tipo de ítem Koha Parasitologia_
942 ## - ELEMENTOS DE PUNTO DE ACCESO ADICIONAL (KOHA)
Tipo de ítem Koha Parasitologia_
-- 1
Holdings
Estado de retiro Estado de pérdida Fuente del sistema de clasificación o colocación Estado dañado Restricciones de uso No para préstamo Código de colección Localización permanente Ubicación/localización actual Ubicación en estantería Fecha de adquisición Información codificada de la localización en otra ubicación Total de préstamos Código de barras Fecha visto por última vez Precio válido a partir de Tipo de ítem Koha Nota pública
    Clasificación Universidad Autónoma de Chapingo   Préstamo interno   Reimpresos Parasitologia Agricola Parasitologia Agricola   27/10/2005 PARA   PA_2572 25/01/2022 25/01/2022 Reimpreso 3